| 000 | 00851cab a2200265 4500 | ||
|---|---|---|---|
| 001 | WB3510-21 | ||
| 008 | 090401t1999 xxu||||| |||| 00| 0 eng d | ||
| 035 | _a(Sirsi) u92039 | ||
| 041 | _aeng | ||
| 245 | _aCompetition in store | ||
| 260 | _c1999 | ||
| 350 | _a0 | ||
| 490 |
_aFinancial Times _v12 March 1999, 28(1) |
||
| 520 | _aOnline shopping is challenging the conventional view of the market for retailing space and putting landlords under pressure. Table of growth in internet access. | ||
| 650 | _aE-COMMERCE | ||
| 650 | _aINTERNET | ||
| 650 | _aONLINE SHOPPING | ||
| 650 | _aINTERNET SHOPPING | ||
| 650 | _aPROPERTY-COMMERCIAL PROPERTY-RETAIL PROPERTY-RETAIL PROPERTY MARKET | ||
| 650 | _aRETAIL SPACE | ||
| 650 | _aRETAILING | ||
| 690 | _aPROPERTY-COMMERCIAL PROPERTY-RETAIL PROPERTY | ||
| 942 | _n0 | ||
| 948 | _c12/03/1999 | ||
| 999 |
_c58373 _d58373 |
||